书目信息 |
| 题名: |
同源字典再补
|
|
| 作者: | 刘钧杰 著 | |
| 分册: | ||
| 出版信息: | 北京 语文出版社 1999 |
|
| 页数: | 238页 | |
| 开本: | 20cm | |
| 丛书名: | ||
| 单 册: | ||
| 中图分类: | H139-61 | |
| 科图分类: | ||
| 主题词: | 同源词-汉语--字典 , 汉语-同源词--字典 | |
| 电子资源: | ||
| ISBN: | 7-80126-181-X | |
| 000 | 01028nam0 2200337 450 | |
| 000 | 00991nam0 2200325 450 | |
| 000 | 00954nam0 2200313 450 | |
| 000 | 00947nam0 2200313 450 | |
| 000 | 00928nam0 2200313 450 | |
| 000 | 00891nam0 2200301 450 | |
| 000 | 00909nam0 2200289 450 | |
| 000 | 00872nam0 2200277 45 | |
| 001 | TS2006016422 | |
| 005 | 20061229095417.17 | |
| 010 | @a7-80126-181-X@dCNY14.70 | |
| 092 | @aCN@bTS01-017781 | |
| 100 | @a20060829d1999 em y0chiy0121 ea | |
| 101 | 0 | @achi |
| 102 | @aCN@b110000 | |
| 105 | @ay e 001yy | |
| 200 | 1 | @a同源字典再补@ATong Yuan Zi Dian Zai Bu@f刘钧杰著@FLiu Jun Jie Zhu |
| 210 | @a北京@c语文出版社@d1999 | |
| 215 | @a238页@d20cm | |
| 606 | @a同源词-汉语@x字典 | |
| 606 | @a汉语-同源词@x字典 | |
| 690 | @aH139-61@v4 | |
| 701 | 0 | @a刘钧杰@ALiu Jun Jie@4著 |
| 801 | 0 | @aCN@b中图数据@c20061229 |
| 905 | @a10447@dH139-61@e281 | |
| 同源字典再补/刘钧杰著.-北京:语文出版社,1999 |
| 238页;20cm |
| ISBN 7-80126-181-X:CNY14.70 |
| ● |
| 相关链接 |
|
|
|
|
正题名:同源字典再补
索取号:H139-61/281
 
预约/预借
| 序号 | 登录号 | 条形码 | 馆藏地/架位号 | 状态 | 备注 |
| 1 | 0600582 | 206005829 | 第二样本阅览室/ [索取号:H139-61/281] | 在馆 | |
| 2 | 0600583 | 206005838 | 第四借阅区/ [索取号:H139-61/281] | 在馆 | |
| 3 | 0600584 | 206005847 | 第四借阅区/ [索取号:H139-61/281] | 在馆 | |
| 4 | 0600585 | 206005856 | 第四借阅区/ [索取号:H139-61/281] | 在馆 | |
| 5 | 0600586 | 206005865 | 第四借阅区/ [索取号:H139-61/281] | 在馆 |